| 000 | 00810nam a22001697a 4500 | ||
|---|---|---|---|
| 005 | 20150511161109.0 | ||
| 008 | 150511b xxu||||| |||| 00| 0 eng d | ||
| 020 | _a9781921972324 | ||
| 050 | _aQA 273 Q7Se 2013 | ||
| 100 | _aQuinn, Catherine | ||
| 245 | _aMathematics for the international student mathematics HL option : sets, relations and group | ||
| 260 |
_aAustralia _bHaese and Harris Publications _c2013 |
||
| 300 |
_a176 pages., _bcolor illustrations., + CD ROM _c; 21 cm. |
||
| 650 | _aSets -- Ordered pairs -- Functions -- Binary operations -- Groups -- Permutation groups -- sub groups -- cyclic groups -- homomorphism -- Isomorphism -- Cosets and lagrange's theorem | ||
| 700 | _aSangwin, Chris., Haese, Robert., Haese, Michael., | ||
| 942 |
_2lcc _cBK _hQA 273 Q7se 2013 |
||
| 999 |
_c283964 _d283964 |
||